Movies Quiz

Random Movies or Oscar Quiz

Best Pictures in Threes Quiz Stats

 Plays Quiz Updated Mar 4, 2018

Challenge
Share
Tweet
Embed
Score 0/30 Timer 04:00
1 Play Today
Best Picture Trifectas % Correct
Titanic ('97)/Shakespeare in Love ('98)/American Beauty ('99)
78.6%
Patton ('70)/The French Connection ('71)/The Godfather ('72)
78.1%
Spotlight ('15)/Moonlight ('16)/Three Billboards Outside Ebbing, Missouri ('17)
74.8%
The Hurt Locker ('09)/The King's Speech ('10)/The Artist ('11)
71.4%
The Lord of the Rings: The Return of the King ('03)/Million Dollar Baby ('04)/Crash ('05)
70.5%
Forrest Gump ('94)/Braveheart ('95)/The English Patient ('96)
69.6%
Argo ('12)/12 Years a Slave ('13)/Birdman or (The Unexpected Virtue of Ignorance) ('14)
69.4%
The Life of Emile Zola ('37)/You Can't Take It with You ('38)/Gone with the Wind ('39)
68.5%
The Sting ('73)/The Godfather Part II ('74)/One Flew Over the Cuckoo's Nest ('75)
65.3%
Gladiator ('00)/A Beautiful Mind ('01)/Chicago ('02)
62.7%
The Silence of the Lambs ('91)/Unforgiven ('92)/Schindler's List ('93)
62%
Kramer vs. Kramer ('79)/Ordinary People ('80)/Chariots of Fire ('81)
59.3%
Rocky ('76)/Annie Hall ('77)/The Deer Hunter ('78)
59.1%
Casablanca ('43)/Going My Way ('44)/The Lost Weekend ('45)
58.1%
The Departed ('06)/No Country for Old Men ('07)/Slumdog Millionaire ('08)
57.5%
Best Picture Trifectas % Correct
Rain Man ('88)/Driving Miss Daisy ('89)/Dances With Wolves ('90)
52%
Out of Africa ('85)/Platoon ('86)/The Last Emperor ('87)
50.7%
Gigi ('58)/Ben-Hur ('59)/The Apartment ('60)
48.2%
Gandhi ('82)/Terms of Endearment ('83)/Amadeus ('84)
47.8%
My Fair Lady ('64)/The Sound of Music ('65)/A Man for All Seasons ('66)
47.3%
Wings ('28)/The Broadway Melody ('29)/All Quiet on the Western Front ('30)
46.4%
West Side Story ('61)/Lawrence of Arabia ('62)/Tom Jones ('63)
40.1%
The Greatest Show on Earth ('52)/From Here to Eternity ('53)/On the Waterfront ('54)
39.1%
In the Heat of the Night ('67)/Oliver! ('68)/Midnight Cowboy '(69)
38.7%
Marty ('55)/Around the World in 80 Days ('56)/The Bridge on the River Kwai ('57)
37%
Rebecca ('40)/How Green Was My Valley ('41)/Mrs. Miniver ('42)
32.4%
It Happened One Night ('34)/Mutiny on the Bounty ('35)/The Great Ziegfeld ('36)
31.9%
All the King's Men ('49)/All About Eve ('50)/An American in Paris ('51)
30.2%
The Best Years of Our Lives ('46)/Gentleman's Agreement ('47)/Hamlet ('48)
28.5%
Cimarron ('31)/Grand Hotel ('32)/Cavalcade ('33)
27.1%

You're not logged in!

Compare scores with friends on all Sporcle quizzes.
Join for Free
OR
Log In

You Might Also Like...

Show Comments

Extras

Top Quizzes Today


Score Distribution

Your Account Isn't Verified!

In order to create a playlist on Sporcle, you need to verify the email address you used during registration. Go to your Sporcle Settings to finish the process.

Report this User

Report this user for behavior that violates our Community Guidelines.

Details: